00632nam a2200169 a 450000100100000000500170001000800410002704000250006808200140009310000260010724501190013326000450025230000270029704900090032495201120033399900170044500002935220200930055509.0110415s2002 dr a 000 0 spa d aDO-SdBNPbspacBNPHU axxbD611s1 aDisla, Vinicio92392910aSeminario menor San Pío X :b40 años de servicios 1962-2002 Santiago de los Caballeros, R.D. /cVinicio Disla. aSanto Domingo :bAmigo del Hogar,c2002. a75 p. :bil. ;c22 cm. aBNPD 0010718PDaPDbPDcHDd2011-04-15iLF1l0oxx D611sp29352-10r2020-06-25w2020-06-25yLFPDZNo se presta c28844d28844